Pokémon-De quel type de lieu s'agit-il? - Statistiques

Statistiques générales
  • Ce quiz a été pris 38 fois
  • Le résultat moyen est 6 sur 15
Statistiques - réponses
Nom du lieu Type de lieu % Correct
Salle A Mèches Coiffeur
77%
Antre Noir Grotte
74%
Mont Mémoria Cimetière
68%
Le Firmament Restaurant
61%
L'Etoile d'Unys Bateau
52%
Au Chic à Porter Boutique de vêtements
42%
Editions d'Illumis Journal
39%
Centre Galaxie de Voilaroc Quartier général de Team
39%
Cycles Rodolphe Marchand de vélos
35%
Au coucou Café
32%
Le Joyau de Kalos Joaillier
19%
Au Fringant Pokémon Toiletteur
19%
Orient Yoneuve Hôtel
16%
Les Bienfaits de Chloris Herboriste
13%
Galerie Concorde Galerie commerçante
10%
Aucun quiz correspondant
Distribution des résultats
% des personnes avec chaque résultat
Percentile par nombre de réponses
Votre historique - résultats
Vous n’avez pas pris ce quiz